|
|
|
|
| LEADER |
00000naa a2200000 a 4500 |
| 001 |
vtls011853418 |
| 003 |
SK-MaSNL |
| 005 |
20260302132923.0 |
| 008 |
210910|2013 xo |||||||||||||||||slo| |
| 015 |
|
|
|a SNBCL
|
| 035 |
|
|
|a (urnnbn)urn:nbn:sk:snk:ar-a0ay5o
|
| 035 |
|
|
|a urn:nbn:sk:snk-aaw7ve
|
| 035 |
|
|
|a (uuid)cfd7bbf5-9442-4a00-beef-98f30035c873
|
| 040 |
|
|
|a SNKBUCL
|b slo
|c SNKBUCL
|e AACR2
|
| 041 |
|
|
|a slo
|
| 044 |
|
|
|a xo
|c SK
|
| 100 |
1 |
|
|a Nittmannová, Ľ.
|4 aut
|9 818910
|
| 245 |
1 |
0 |
|a TEORETICKÁ PRÍPRAVA NA EXPERIMENTÁLNE OVERENIE ELASTOMÉROVÝCH LOŽÍSK
|c Ľ. Nittmannová
|
| 336 |
|
|
|a text
|b txt
|c rdacontent
|
| 337 |
|
|
|a bez média
|b n
|c rdamedia
|
| 338 |
|
|
|a zväzok
|b nc
|c rdacarrier
|
| 655 |
|
7 |
|a články zo zborníkov
|2 snkbucl
|9 166140
|
| 773 |
0 |
|
|t Oceľové, kompozitné a drevené nosné konštrukcie a mosty
|d Košice : Technická univerzita, 2013
|g S. 161-168
|z 9788055314808
|
| 958 |
|
|
|a OND
|
| 958 |
|
|
|a article26
|
| 958 |
|
|
|a chapter
|
| 999 |
|
|
|c 1314513
|d 1316443
|